Bordering Countries by Flag #24 - Statistics

General Stats
  • This quiz has been taken 104 times
  • The average score is 8 of 8
Answer Stats
Country % Correct
Croatia
97%
Hungary
96%
Bosnia and Herzegovina
95%
Romania
95%
Albania
94%
Bulgaria
94%
Macedonia
94%
Montenegro
94%
No matching quizzes found
Score Distribution
Percent of People with Each Score
Percentile by Number Answered
Your Score History
You have not taken this quiz